Recuerdos y olvidos: memorias

Na minha lista:
Detalhes bibliográficos
Autor principal: Benavente, Jacinto (Author)
Formato: Livro
Idioma:espanhol
Publicado em: Madrid Aguilar 1962
Edição:2a. ed
Colecção:Colección Crisol, 400
Assuntos:
Tags: Adicionar Tag
Sem tags, seja o primeiro a adicionar uma tag!

MARC

LEADER 00000nam a2200000 a 4500
001 UCZ1695
003 CL-VaPUC
008 950831e19620000SP |||||||||||||||||spa|d
082 0 4 |a 928  |b BEN  |2 21 
100 0 |a Benavente, Jacinto  |e author  |9 313719 
245 1 0 |a Recuerdos y olvidos: memorias 
250 |a 2a. ed 
300 |a 454 p 
942 |c BK 
945 |d 19950831 00:00:00  |a rbrito 
260 |a Madrid  |b Aguilar  |c 1962 
600 0 7 |a BENAVENTE, JACINTO  |2 CL-VaPUC  |9 313719 
650 0 |a Biografías  |9 255210 
650 0 |a Literatura española  |9 306261 
583 |a last modification  |c 19950831 00:00:00  |k Rodrigo Vera 
490 0 |a Colección Crisol, 400 
999 |c 238405  |d 238403 
952 |0 0  |1 0  |4 0  |6 928_000000000000000_BEN_1962  |7 0  |8 A  |9 248576  |a BIBEDU  |b BIBEDU  |d 2019-11-18  |i 3103706  |o 928 BEN 1962  |p 3103706  |r 2019-11-18  |w 2019-11-18  |y BK  |k LIT